000 00415nam a2200157 a 4500
005 20140412111326.0
008 110128s19uu xx 00 eng d
020 _a0-590-62384-2
050 _aTR(PS E
_bFe32af 1996
100 _aBerry, Joy
245 _aLet's talk about Feeling Afraid /
_cJoy Berry.
260 _aU.S.A :
_bScholastic,
_c1999.
300 _aunp.
440 _aLet's talk about
999 _c104673
_d104673